Unlawful interference with land (Record no. 101515)

MARC details
000 -LEADER
fixed length control field 01204cam a2200313 4500
008 - FIXED-LENGTH DATA ELEMENTS--GENERAL INFORMATION
fixed length control field 000000n2002 000 0 eng u
020 ## - INTERNATIONAL STANDARD BOOK NUMBER
International Standard Book Number 0421727306
035 ## - SYSTEM CONTROL NUMBER
System control number (Sirsi) u113290
050 ## - LIBRARY OF CONGRESS CALL NUMBER
Classification number 346.41036
100 ## - MAIN ENTRY--PERSONAL NAME
Personal name Elvin, D.
245 ## - TITLE STATEMENT
Title Unlawful interference with land
250 ## - EDITION STATEMENT
Edition statement 2nd ed.
260 ## - PUBLICATION, DISTRIBUTION, ETC.
Place of publication, distribution, etc. London
Name of publisher, distributor, etc. Sweet & Maxwell
Date of publication, distribution, etc. 2002
300 ## - PHYSICAL DESCRIPTION
Extent lxxxvii,618p.
Dimensions 26cm.
350 ## - PRICE (NR) (BK AM CF MU VM SE) [OBSOLETE]
Price 145
520 ## - SUMMARY, ETC.
Summary, etc. A new edition of this reference work which aims to provide practitioners with specialist knowledge of the law of trespass and eviction, in particular nuisance, breach of covenants and interference. The text has been expanded and updated to take account of recent developments in case law and the introduction of the Countryside and Rights of Way Act 2000, the Land Registration Act 2002, and the Human Rights Act 1998.
650 ## - SUBJECT ADDED ENTRY--TOPICAL TERM
Topical term or geographic name entry element BREACH OF COVENANT
650 ## - SUBJECT ADDED ENTRY--TOPICAL TERM
Topical term or geographic name entry element COUNTRYSIDE AND RIGHTS OF WAY ACT 2000
650 ## - SUBJECT ADDED ENTRY--TOPICAL TERM
Topical term or geographic name entry element EVICTION
650 ## - SUBJECT ADDED ENTRY--TOPICAL TERM
Topical term or geographic name entry element HUMAN RIGHTS ACT 1998
650 ## - SUBJECT ADDED ENTRY--TOPICAL TERM
Topical term or geographic name entry element INTERFERENCE
650 ## - SUBJECT ADDED ENTRY--TOPICAL TERM
Topical term or geographic name entry element LAND REGISTRATION ACT 2002
650 ## - SUBJECT ADDED ENTRY--TOPICAL TERM
Topical term or geographic name entry element NUISANCE
650 ## - SUBJECT ADDED ENTRY--TOPICAL TERM
Topical term or geographic name entry element LAND REGISTRATION
650 ## - SUBJECT ADDED ENTRY--TOPICAL TERM
Topical term or geographic name entry element TRESPASS
690 ## - LOCAL SUBJECT ADDED ENTRY--TOPICAL TERM (OCLC, RLIN)
Topical term or geographic name as entry element LAW
700 ## - ADDED ENTRY--PERSONAL NAME
Personal name Karas, J.
942 ## - ADDED ENTRY ELEMENTS (KOHA)
Suppress in OPAC 0
Holdings
Withdrawn status Lost status Source of classification or shelving scheme Damaged status Not for loan Home library Current library Shelving location Date acquired Total Checkouts Full call number Barcode Date last seen Date last checked out Copy number Price effective from Koha item type
    Dewey Decimal Classification     London London Books 20/11/2002 5 346.41036 ELV 30068229 06/08/2019 17/12/2003 2 06/08/2019 Book